00687cam a2200181 i 4500020001700000082003400017100002500051245010400076260003100180300005300211526003700264650001300301650003100314700003100345942001200376999001900388952009800407 a0688029566 : a355.00092bKEEcL-30-II, P-741 aKeegan, John,94858910aWho's who in military history :bfrom 1453 to the present day /cJohn Keegan and Andrew Wheatcroft. aNew York :bMorrow,c1976. a367 p.bill. (some col.), maps, ports. :c26 cm. a0b0c0d355_000920000000000_KEE 0aMCE9379 0aMilitary biography.9485901 aWheatcroft, Andrew,948591 2ddccBK c551466d551466 00102ddc4070aMCEbMCEd2014-12-15l0o355.00092 KEEpMCE-8549r2014-12-15w2014-12-15yBK